Statistiques concernant Les plus gros partenaires commerciaux - Palestine

Cliquez ici pour prendre le quiz!

Statistiques générales

  • Ce quiz a été pris 48 fois
  • Le résultat moyen est 18 sur 23

Statistiques - réponses

exportations importations pays % Correct
1.56 mil66.3 milFrance
100%
14.8 mil71.9 milArabie Saoudite
95%
368 milChine
93%
67.5 milÉgypte
93%
72.4 milEspagne
93%
1.31 mil68.8 milItalie
91%
803 mil3045 milIsraël
91%
10.7 mil55.6 milEtats-Unis
91%
3.15 mil379 milTurquie
89%
60.1 mil142 milJordanie
86%
0.92 mil148 milAllemagne
86%
18.7 milÉmirats arabes unis
86%
9.65 milQatar
84%
81.4 milJapon
80%
4.54 milRoyaume-Uni
75%
2.43 milAlgérie
75%
12.6 milKoweït
73%
39.9 milCorée du Sud
61%
1.80 mil43.0 milPays-Bas
57%
2.57 milPologne
55%
51.2 milSuisse
50%
53.9 milUkraine
39%
0.84 milMalte
18%

Distribution des résultats

Percentile by Number Answered

% des personnes avec chaque résultat

Votre développement - résultats

Vous n’avez pas pris ce quiz